000 01525nac a22003611i 4500
003 EG-ScBUE
005 20250219094155.0
008 160926s2004 ii a f 001 0 eng d
020 _a0070588848 (pbk.)
020 _a9780070588844
040 _aEG-ScBUE
_beng
_erda
_cEG-ScBUE
_dEG-ScBUE
082 0 4 _a526.9
_bWIR
_222
100 1 _aWirshing, James R.
_eauthor.
245 1 0 _aSchaum’s outline of theory and problems of introductory surveying /
_cJames R. Wirshing, NCO-in-Charge, Drafting Department Vandenberg Air Force Base, Roy H. Wirshing, Registered Professional Engineer.
250 _aTata McGraw-Hill edition.
264 1 _aNew Delhi :
_bThe McGraw-Hill Publishing Company,
_c2004.
300 _a360 pages :
_billustrations, tables ;
_c28 cm.
336 _2rdacontent
_atext
_btxt
337 _aunmediated
_2rdamedia
_bn
338 _avolume
_bnc
_2rdacarrier
490 0 _aSchaum's outline series. Schaum's outline series in engineering
500 _aCover title : Schaum's outlines introductory surveying.
500 _aSpine title : Introductory surveying.
500 _aIncludes index.
650 7 _aSurveying.
_2BUEsh
655 _vReading book
700 1 _aWirshing, Roy H.,
_eauthor.
740 0 _aTheory and problems of introductory surveying.
740 0 _aIntroductory surveying.
856 4 2 _3Publisher description
_uhttp://www.loc.gov/catdir/description/mh022/84019427.html
856 4 2 _3Table of contents
_uhttp://www.loc.gov/catdir/toc/mh021/84019427.html
942 _cBB
_2ddc
999 _c111
_d111